Movies Quiz

Random Movies or Letter Quiz
Score 0/24 Timer 04:00
8 Plays Today
% Correct
Jurassic Park
99.4%
Frankenstein
93.8%
Freaky Friday
93%
Casino Royale
91.8%
Groundhog Day
90.5%
Ghostbusters
90.4%
Jerry Maguire
88%
A View to a Kill
86.7%
Dirty Dancing
86%
Batman Begins
84%
Lethal Weapon
83.1%
The Full Monty
80.8%
% Correct
City Slickers
74.4%
About Schmidt
72.8%
High Fidelity
68.4%
On Golden Pond
68%
Young Winston
67%
The Last Waltz
64.6%
Cool Hand Luke
61.4%
Memphis Belle
58.2%
Sergeant York
56.6%
Cold Mountain
55.1%
Fitzcarraldo
42.1%
Little Caesar
41.1%

You're not logged in!

Compare scores with friends on all Sporcle quizzes.
OR
Log In

Sporcle TV

Today on Sporcle TV


Watch our educational content, quiz creation guides, and fun videos on Sporcle TV.

Show Comments

Extras

Top Quizzes Today


Score Distribution

Paid Content

Your Account Isn't Verified!

In order to create a playlist on Sporcle, you need to verify the email address you used during registration. Go to your Sporcle Settings to finish the process.

Report this User

Report this user for behavior that violates our Community Guidelines.

Details: